Представление документа в формате MARC21

Поле Инд. ПП Название Значение
Тип записи a
Библиографический уровень m
001 Контрольный номер RU/IS/BASE/389457235
005 Дата корректировки 20220322141256.7
040 b Код языка каталог. rus
041 0_ a Код языка текста rus
080 a Индекс УДК 004.42
084 a Индекс другой классификации/Индекс ББК 32.973
090 a Полочн. индекс 681.3
x Авторский знак С88
097 b Оператор 11
100 1_ a Автор Стэбли Д.
245 10 a Заглавие Логическое программирование в системе /360/
c Ответственность пер. с англ. А. П. Гагарина [и др.] ; под ред. Л. Д. Райкова, М. Р. Шура-Буры
260 a Место издания М.
b Издательство Мир
c Дата издания 1974
300 a Объем 752 с.
b Иллюстрации/ тип воспроизводства ил.
510 0_ a Примечание о ссылках Книги и методические пособия
650 04 a Основная рубрика 50.05 Теоретические основы программирования
x Основная подрубрика 50.05.17 Теоретические основы системного программного обеспечения
653 0_ a Ключевые слова вычислительные системы; программирование; языки программирования
901 t Тип документа m